What Movie? Actor Pairings II Quiz Stats

Quiz Updated Jan 10, 2018

Challenge
Share
Tweet
Embed
Score 0/45 Timer 09:00
4 Plays Today
Stars Movies % Correct
Morgan FreemanShawshank Redemption
79.1%
Jim CarreyDumb & Dumber
78.1%
Bruce WillisDie Hard
74.2%
Jack NicholsonAnger Management
70.9%
Nicolas CageFace/Off
70.2%
Jack NicholsonBatman
69.2%
Jake GyllenhaalBrokeback Mountain
68.8%
Will SmithIndependence Day
68.3%
Jim CarreyBruce Almighty
67.8%
Jim CarreyAce Ventura: Pet Detective
67.7%
Will SmithHitch
66.7%
Jim CarreyEternal Sunshine of the Spotless Mind
64.7%
Jack NicholsonAs Good as It Gets
61.5%
Jim CarreyThe Cable Guy
56.3%
Bruce WillisArmageddon
50.9%
Bruce WillisSin City
45.5%
Will SmithEnemy of the State
43.2%
Liam NeesonBattleship
39.8%
Jake GyllenhaalDonnie Darko
34.1%
Morgan FreemanGlory
33.9%
Liam NeesonSchindler's List
33%
Al PacinoInsomnia
33%
Morgan FreemanGone Baby Gone
31.7%
Stars Movies % Correct
Jack NicholsonThe Witches of Eastwick
30.9%
Jack NicholsonAbout Schmidt
30.8%
Morgan FreemanRobin Hood: Prince of Thieves
30.1%
Nicolas CageCity of Angels
28.7%
Will SmithThe Legend of Bagger Vance
27.9%
Al PacinoAny Given Sunday
27.1%
Al PacinoHeat
26.7%
Liam NeesonLove Actually
26.5%
Bruce WillisFifth Element
25.2%
Jake GyllenhaalThe Day After Tomorrow
24.8%
Jake GyllenhaalZodiac
19.7%
Liam NeesonThe A-Team
19.3%
Jake GyllenhaalJarhead
19%
Nicolas CageAdaptation
19%
Morgan FreemanLucky Number Slevin
18.9%
Will SmithSeven Pounds
15.6%
Bruce WillisAlpha Dog
15.3%
Liam NeesonKingdom of Heaven
15.2%
Al PacinoCarlito's Way
15.1%
Al PacinoGlengarry Glen Ross
14.2%
Nicolas CageLord of War
7.3%
Nicolas CageThe Weather Man
6.3%

You're not logged in!

Compare scores with friends on all Sporcle quizzes.
Join for Free
OR
Log In

You Might Also Like...

Show Comments

Extras

Top Quizzes Today


Score Distribution

Your Account Isn't Verified!

In order to create a playlist on Sporcle, you need to verify the email address you used during registration. Go to your Sporcle Settings to finish the process.

Report this User

Report this user for behavior that violates our Community Guidelines.

Details: